000 00687nam a2200289Ia 4500
005 20260324121816.0
008 008 260324s9999 xx 000 0 eng d
020 _a9780240823591
037 _aEBOOK
040 _aCRL
040 _beng
040 _cCRL
041 _2eng
041 _aeng
084 _qCRL
100 _aLou Jones
_91163960
245 0 _aSpeedlights & Speedlites
245 0 _bCreative Flash Photography at the Speed of Light
260 _bTaylor and Francis
260 _c2013
365 _a
365 _b300
856 _uhttp://www.taylorfrancis.com/books/9780240823591
942 _cEBOOK
999 _c1756282
_d1756282